00686nam a2200217 i 45000010008000000030004000080050017000120080041000290100017000700400018000870430012001050820013001171000028001302450103001582600054002613000024003154900036003396510029003756510027004046510037004313149768OSt20230627113515.0780626s1976 ug 000 0 eng  a 73980296  aDLCcDLCdDLC af------00a335bJER1 aJerome, Abraham,d1935-12aA solution to Africa's political and economic problems from 1975 to the year 2005 /cW. A. Jerome. aKampala :bEast African Literature Bureau,c1976. av, 175 p. ;c19 cm.0 aHis National agrarianism ; v. 3 0aAfricaxEconomic policy. 0aAfricaxSocial policy. 0aAfricaxPolitics and government.